លំហ​រ កាឡា​ក់​ស៊ី ផ្កាយ និង​ភព/ (Record no. 3615)

MARC details
000 -LEADER
fixed length control field 01332nam a22002657a 4500
001 - CONTROL NUMBER
control field 3615
003 - CONTROL NUMBER IDENTIFIER
control field FISKH
005 - DATE AND TIME OF LATEST TRANSACTION
control field 20250528091806.0
008 - FIXED-LENGTH DATA ELEMENTS--GENERAL INFORMATION
fixed length control field 240328b cb ||||| |||| 00| 0 eng d
020 ## - INTERNATIONAL STANDARD BOOK NUMBER
International Standard Book Number 9789995054441
040 ## - CATALOGING SOURCE
Original cataloging agency FISKH
Language of cataloging khr
Transcribing agency FISKH
Modifying agency FISKH
050 ## - LIBRARY OF CONGRESS CALL NUMBER
Classification number PZ7
082 ## - DEWEY DECIMAL CLASSIFICATION NUMBER
Classification number 523.113
100 ## - MAIN ENTRY--PERSONAL NAME
Personal name Cannat, Guillaume
245 ## - TITLE STATEMENT
Title លំហ​រ កាឡា​ក់​ស៊ី ផ្កាយ និង​ភព/
Statement of responsibility, etc. និពន្ធដោយ Guillaume Cannat ; ប្រែសម្រួលដោយ ស៊ុនហេង​ ម៉េងឈាង
250 ## - EDITION STATEMENT
Edition statement This edition published in 2016
260 ## - PUBLICATION, DISTRIBUTION, ETC.
Place of publication, distribution, etc. Phnom Penh :
Name of publisher, distributor, etc. Sipar,
Date of publication, distribution, etc. 1998.
300 ## - PHYSICAL DESCRIPTION
Extent 40 pages :
Other physical details color illustrations ;
Dimensions 20 cm
520 ## - SUMMARY, ETC.
Summary, etc. នៅក្នុងសៀវភៅ​ លំហរ កាឡាក់ស៊ី ផ្កាយ និងភព នេះសិក្សាអំពីសកល​ និង​យល់ដឺងពីភពទាំងឡាយដែល​នៅក្មុងប្រព័ន្ធព្រះអាទិត្យ
520 ## - SUMMARY, ETC.
Summary, etc. In the space book, galaxies, stars and planets, learn about the universe and understand the planets in the solar system.
650 ## - SUBJECT ADDED ENTRY--TOPICAL TERM
Topical term or geographic name entry element ភព
General subdivision លំហរ
Chronological subdivision ផ្កាយ​
650 ## - SUBJECT ADDED ENTRY--TOPICAL TERM
Topical term or geographic name entry element Space
General subdivision Star
Chronological subdivision Planet
942 ## - ADDED ENTRY ELEMENTS (KOHA)
Source of classification or shelving scheme Dewey Decimal Classification
Koha item type Khmer Books
Suppress in OPAC No
Holdings
Withdrawn status Lost status Source of classification or shelving scheme Damaged status Not for loan Collection Home library Current library Shelving location Date acquired Total Checkouts Full call number Barcode Date last seen Date last checked out Copy number Price effective from Koha item type
    Dewey Decimal Classification     Khmer Non-Fiction / សៀវភៅខ្មែរ រឿងពិត Footprints International School Library Network Toul Kork Campus Footprints International School Library Network Toul Kork Campus TK Old Khmer Books (Rear Hallway Shelf 3) 03/28/2024 1 CAN 523.113 PZ7 FISTK05088 06/19/2025 05/26/2025 1 03/28/2024 Khmer Books
    Dewey Decimal Classification     Khmer Non-Fiction / សៀវភៅខ្មែរ រឿងពិត Footprints International School Library Network Toul Kork Campus Footprints International School Library Network Toul Kork Campus TK Old Khmer Books (Rear Hallway Shelf 3) 06/04/2024   CAN 523.113 PZ7 FISTK03738 06/04/2024   2 06/04/2024 Khmer Books
    Dewey Decimal Classification     Khmer Non-Fiction / សៀវភៅខ្មែរ រឿងពិត Footprints International School Library Network Toul Kork Campus Footprints International School Library Network Toul Kork Campus TTP Secondary Khmer Bookshelves 06/04/2024 1 CAN 523.113 PZ7 FISSE02266 03/11/2025 03/11/2025 3 06/04/2024 Khmer Books
    Dewey Decimal Classification     Khmer Non-Fiction / សៀវភៅខ្មែរ រឿងពិត Footprints International School Library Network Toul Tom Poung Campus Footprints International School Library Network Toul Tom Poung Campus TTP Secondary Khmer Bookshelves 06/04/2024   CAN 523.113 PZ7 FIS03991 09/20/2024   4 06/04/2024 Khmer Books
    Dewey Decimal Classification     Khmer Non-Fiction / សៀវភៅខ្មែរ រឿងពិត Footprints International School Library Network Toul Tom Poung Campus Footprints International School Library Network Toul Tom Poung Campus TTP Secondary Khmer Bookshelves 04/01/2025   CAN 523.113 PZ7 FISSE02220 04/01/2025   5 04/01/2025 Khmer Books
    Dewey Decimal Classification     Khmer Non-Fiction / សៀវភៅខ្មែរ រឿងពិត Footprints International School Library Network Toul Tom Poung Campus Footprints International School Library Network Toul Tom Poung Campus TTP Secondary Khmer Bookshelves 04/01/2025   CAN 523.113 PZ7 FISSE01532 04/01/2025   6 04/01/2025 Khmer Books
    Dewey Decimal Classification     Khmer Non-Fiction / សៀវភៅខ្មែរ រឿងពិត Footprints International School Library Network Toul Tom Poung Campus Footprints International School Library Network Toul Tom Poung Campus TTP Primary Khmer Bookshelves 04/01/2025   CAN 523.113 PZ7 FIS05166 04/01/2025   7 04/01/2025 Khmer Books
    Dewey Decimal Classification     Khmer Non-Fiction / សៀវភៅខ្មែរ រឿងពិត Footprints International School Library Network Toul Tom Poung Campus Footprints International School Library Network Toul Tom Poung Campus TTP Primary Khmer Bookshelves 04/01/2025   CAN 523.113 PZ7 FIS05242 04/01/2025   8 04/01/2025 Khmer Books
    Dewey Decimal Classification     Khmer Non-Fiction / សៀវភៅខ្មែរ រឿងពិត Footprints International School Library Network Toul Tom Poung Campus Footprints International School Library Network Toul Tom Poung Campus TTP Primary Khmer Bookshelves 04/09/2026   CAN 523.113 PZ7 2026-0481 04/09/2026   9 04/09/2026 Khmer Books